000 00272nam a22001217a 4500
008 171123b xxu||||| |||| 00| 0 eng d
041 _aeng
080 _a101
100 _a24
101 _aFIL
245 _aPHILOSOPHY SCIENTIFIC REALISM
_cSMART.J.J.C
942 _2udc
_cBK
999 _c38364
_d38364